| 000 | 00457nam a2200169 a 4500 | ||
|---|---|---|---|
| 005 | 20140310183228.0 | ||
| 008 | 040310s19uu xx 00 eng d | ||
| 020 | _a0345285557 | ||
| 050 |
_aPS 3552.R596 _b.El5 1982 |
||
| 100 | _aBrooks, Terry | ||
| 245 |
_aThe Elfstone of Shannara / _cTerry Brooks. |
||
| 260 |
_aNew York : _bBallantine Books, _c1982. |
||
| 300 |
_a469 p. : _c21 cm. |
||
| 650 | _aFantasy Fiction | ||
| 942 |
_cBK _2lcc |
||
| 999 |
_c20452 _d20452 |
||